Código del Trabajo. Títulos de artículos, concordancias e índice de materias

Guardado en:
Detalles Bibliográficos
Autor Corporativo: Chile
Otros Autores: Caamaño Rojo, Eduardo Andrés (Director)
Formato: Libro
Lenguaje:español
Publicado: Santiago, Chile: Thomson Reuters; Legal Publishing, 2015
Edición:Decimoquinta Edición.
Colección:Colección de Códigos 2015
Materias:
Etiquetas: Agregar Etiqueta
Sin Etiquetas, Sea el primero en etiquetar este registro!

MARC

LEADER 00000cam a2200000 a 4500
001 UCE8773
003 CL-VaPUC
005 20241114150443.0
008 150904e20150000cl |||||||||||||||||spa|d
999 |c 360547  |d 360545 
020 |a 9789563466355 
040 |c Pontificia Universidad Católica de Valparaíso 
082 0 4 |a 344.8301 CHI 2015  |2 21 
110 1 |a Chile  |9 890760 
245 1 0 |a Código del Trabajo.  |b Títulos de artículos, concordancias e índice de materias 
250 |a Decimoquinta Edición.   |b Actualizada al 5 de enero de 2015. 
260 |a Santiago, Chile:  |b Thomson Reuters;  |b Legal Publishing,  |c 2015 
300 |a 817 páginas  
490 0 |a Colección de Códigos 2015 
505 |a D.F.L. N.º 1, de 1994. Fija el texto refundido, coordinado y sistematizado del Código del Trabajo. Título Preliminar. -Libro I. Del Contrato Individual de Trabajo y de la Capacitación Laboral. -Libro II. De la Protección a los Trabajadores. -Libro III. De las Organizaciones Sindicales y del Delegado del Personal. -Libro IV. De la Negociación Colectiva. -Libro V. De la Jurisdicción Laboral. Apéndice: -Decreto Ley N.º 3.500. Establece nuevo sistema de pensiones. -Decreto Ley N.º 3.501. Fija nuevo sistema de cotizaciones previsionales y deroga disposiciones legales que indica. -Decreto Ley N.º 3.502. Crea Instituto de Normalización Previsional. -Ley N.º 17.322. Normas para la cobranza judicial de imposiciones, aportes y multas de las instituciones de previsión. -Ley N.º 19.260. Modifica Ley N.º 17.322 y Decreto Ley N.º 3.500, de 1980, y dicta otras normas de carácter previsional. -Ley N.º 18.833. Establece un nuevo estatuto general para las cajas de compensación de asignación familiar (C.C.A.F.), sustitutivo del actual contenido en el Decreto con Fuerza de Ley N.º 42, DE 1978, del Ministerio del Trabajo y Previsión Social. -Decreto Ley N.º 2.448. Modifica regímenes de pensiones que indica. -Ley N.º 16.744. Seguro social contra riesgos de accidentes del trabajo y enfermedades profesionales. -Decreto con Fuerza de Ley N.º 1. Fija Texto Refundido, Coordinado y Sistematizado del Decreto Ley N.º 2.763, de 1979 y de las leyes N.º 18.933 y N.º 18.469. -Decreto con Fuerza de Ley N.º 44. Establece normas comunes para subsidios por incapacidad laboral de los trabajadores dependientes del sector privado. -Decreto con Fuerza de Ley N.º 150. Fija el texto refundido, coordinado y sistematizado de las normas sobre Sistema Único de Prestaciones familiares y de Sistema de Subsidios de Cesantía para los trabajadores de los Sectores Privado y Público, contenidas en los Decretos Leyes N.°s. 307 y 606, ambos de 1974. -Decreto con Fuerza de Ley N.º 90. Establece régimen previsional de asignación por muerte. -Decreto Ley N.º 869. Establece régimen de pensiones asistenciales para inválidos y ancianos carentes de recursos. -Decreto Ley N.º 2.757. Establece normas sobre asociaciones es gremiales. -Ley N.º 19. 518.. Fija nuevo Estatuto de Capacitación y Empleo. -Ley N.º 19.728. Establece un seguro de desempleo. -Ley N.º 19.345. Dispone aplicación de la Ley N.º 16.744, sobre Seguro Social contra Riesgos de Accidentes del Trabajo y Enfermedades Profesionales, a trabajadores del Sector Público que señala. - Ley N.º 20.545. Modifica las normas sobre protección a la maternidad e incorpora el permiso posnatal parental. 
583 |a last modification  |c 20170803 01:45:06  |k Rodrigo Vera 
650 1 |a Derecho laboral chileno  |9 476826 
650 1 |a Código del trabajo  |9 255479 
650 1 |a Contratos de trabajo  |9 254966 
650 1 |a Capacitación laboral   |9 411356 
650 1 |a Negociación colectiva   |9 312433 
650 1 |a Jurisprudencia laboral   |9 380989 
700 |a Caamaño Rojo, Eduardo Andrés  |e director  |9 893777 
852 |a BIBCUR 
942 |c BK  |2 ddc 
945 |d 20150904 11:50:00  |a dcastane 
952 |0 0  |1 0  |3 erb  |4 0  |6 344_830100000000000_CAA_2015  |7 0  |8 R  |9 470405  |a BIBDER  |b BIBDER  |i 5195586  |o 344.8301 CAA 2015  |p 5195586  |r 2023-01-25  |w 2019-11-23  |y BK_R  |z Catalogado en:20150904  |k DER